Zum Gedenken an Harald Poelchau

Guardado en:  
Detalles Bibliográficos
Autor principal: Peschel-Gutzeit, Lore Maria 1932-2023 (Autor)
Tipo de documento: Print Artículo
Lenguaje:Alemán
Publicado: 1996
En: Zeitschrift für Strafvollzug und Straffälligenhilfe
Año: 1996, Volumen: 45, Número: 1, Páginas: 29-30
Availability in Albert-Krebs Library:Z.01
24.1975 - 55.2006
Verificar disponibilidad: HBZ Gateway
Palabras clave:

MARC

LEADER 00000caa a22000002c 4500
001 1639362681
003 DE-627
005 20260503190342.0
007 tu
008 160223s1996 xx ||||| 00| ||ger c
035 |a (DE-627)1639362681 
035 |a (DE-576)455846081 
035 |a (DE-599)BSZ455846081 
040 |a DE-627  |b ger  |c DE-627  |e rakwb 
041 |a ger 
084 |a 2,1  |2 ssgn 
100 1 |a Peschel-Gutzeit, Lore Maria  |d 1932-2023  |0 (DE-588)111681324  |0 (DE-627)492499306  |0 (DE-576)164754326  |4 aut 
109 |a Peschel-Gutzeit, Lore Maria 1932-2023  |a Peschel-Gutzeit, Lore M. 1932-2023  |a Peschel-Gutzeit, L. M. 1932-2023  |a Peschel-Gutzeit, Lore-Maria 1932-2023  |a Peschel-Gutzeit, L.-M. 1932-2023  |a Gutzeit, Lore Maria Peschel- 1932-2023 
245 1 0 |a Zum Gedenken an Harald Poelchau  |c Lore Maria Peschel-Gutzeit 
264 1 |c 1996 
336 |a Text  |b txt  |2 rdacontent 
337 |a ohne Hilfsmittel zu benutzen  |b n  |2 rdamedia 
338 |a Band  |b nc  |2 rdacarrier 
650 4 |a Poelchau, Harald <1903 - 1972>  |7 (dpeaa)DE-2619 
650 4 |a Nationalsozialismus  |7 (dpeaa)DE-2619 
650 4 |a Gefangenenseelsorge  |7 (dpeaa)DE-2619 
773 0 8 |i Enthalten in  |t Zeitschrift für Strafvollzug und Straffälligenhilfe  |d Wiesbaden : Ges. für Fortbildung der Strafvollzugsbediensteten, 1975  |g 45(1996), 1, Seite 29-30  |w (DE-627)130166723  |w (DE-600)519517-2  |w (DE-576)015709817  |x 0342-3514  |7 nnas 
773 1 8 |g volume:45  |g year:1996  |g number:1  |g pages:29-30 
935 |a mkri 
951 |a AR 
AKB |a 24.1975 - 55.2006  |b Z.01 
ELC |b 1 
LOK |0 000 xxxxxcx a22 zn 4500 
LOK |0 001 3299881787 
LOK |0 003 DE-627 
LOK |0 004 1639362681 
LOK |0 005 20250605091204 
LOK |0 008 160208||||||||||||||||ger||||||| 
LOK |0 040   |a DE-21-110  |c DE-627  |d DE-21-110 
LOK |0 689   |a s  |a Strafvollzug 
LOK |0 689   |a s  |a Todesstrafe 
LOK |0 689   |a s  |a Seelsorge 
LOK |0 852   |a DE-21-110 
LOK |0 852 1  |m p  |9 00 
LOK |0 935   |a k110 
LOK |0 938   |k p 
LOK |0 939   |a 2016-02-08  |b l01 
LOK |0 000 xxxxxcx a22 zn 4500 
LOK |0 001 4196299911 
LOK |0 003 DE-627 
LOK |0 004 1639362681 
LOK |0 005 20221011151308 
LOK |0 008 221011||||||||||||||||ger||||||| 
LOK |0 035   |a (DE-2619)p04471 
LOK |0 040   |a DE-2619  |c DE-627  |d DE-2619 
LOK |0 092   |o n 
LOK |0 852   |a DE-2619 
LOK |0 852 1  |m p  |9 00 
LOK |0 935   |a kreb 
LOK |0 938   |k p 
LOK |0 939   |a 2022-10-11  |b l01 
ORI |a WA-MARC-krimdoka001.raw